| 000 | 00421nam a2200145 i 4500 | ||
|---|---|---|---|
| 001 | 109608 | ||
| 003 | ES-MaACL | ||
| 005 | 20230906184856.0 | ||
| 007 | t| | ||
| 008 | 061121s1911 ag r ||||1| spa d | ||
| 100 | 1 |
_aMuniagurria, Camilo. _984192 |
|
| 245 | 1 | 0 |
_aConrado _b: drama en cinco actos y en prosa / _cCamilo Muniagurria. |
| 260 |
_aBuenos Aires : _b[s.n.], _c1911 ( _fImp. Coni) |
||
| 852 |
_aES-MaACL _jT-1363-F-8 |
||
| 999 |
_c109608 _d109608 |
||